[Event "South Australian Championship 2017"]
[Site "?"]
[Date "2017.02.07"]
[Round "1"]
[White "Turcaj, Pavel"]
[Black "Mdinaradze, Edgar"]
[Result "0-1"]
[WhiteElo "1713"]
[BlackElo "1956"]
[PlyCount "38"]
[EventDate "2017.??.??"]
[TimeControl "5400+90"]

1. e4 d6 2. d4 g6 3. Nf3 Nf6 4. Nc3 Bg7 5. Bc4 O-O 6. Bb3 Nc6 7. O-O Bg4 8. Be3
e5 9. d5 Ne7 10. h3 Bd7 11. Qd2 Nh5 12. Ne2 f5 13. exf5 gxf5 14. Bh6 Ng6 15.
Bxg7 Kxg7 16. Ng5 Nhf4 17. Nxf4 Nxf4 18. Ne6+ Bxe6 19. dxe6 Qg5 0-1

[Event "South Australian Championship 2017"]
[Site "?"]
[Date "2017.02.07"]
[Round "1"]
[White "Cloudsdale, Colin"]
[Black "Leaver, Kyle"]
[Result "1-0"]
[WhiteElo "1914"]
[BlackElo "1959"]
[PlyCount "105"]
[EventDate "2017.??.??"]
[TimeControl "5400+90"]

1. e4 c5 2. Nf3 d6 3. d4 cxd4 4. Nxd4 Nf6 5. Nc3 a6 6. Bg5 Nbd7 7. Qd2 b5 8. f3
Bb7 9. a4 bxa4 10. Nxa4 Qc7 11. Be2 e6 12. Bh4 Be7 13. Bg3 O-O 14. O-O Rfd8 15.
Nb3 Ne5 16. Na5 Bc8 17. c4 Nfd7 18. Rfc1 Nc6 19. Nxc6 Qxc6 20. Qa5 Nc5 21. Nxc5
Qxc5+ 22. Qxc5 dxc5 23. Rd1 Bb7 24. Be5 f6 25. Bc3 Rxd1+ 26. Bxd1 e5 27. Kf2
Kf7 28. Ke3 Rd8 29. Ba5 Rd4 30. Bc3 Rd8 31. Ba4 Ke6 32. Bc2 Bc8 33. Ba5 Rd4 34.
Ba4 Bb7 35. g3 g6 36. Bc3 Rd8 37. Bc2 Bf8 38. Bd3 Bh6+ 39. Ke2 f5 40. Ra5 Bf8
41. b4 Rc8 42. b5 fxe4 43. Bxe4 Bxe4 44. fxe4 axb5 45. cxb5 Rb8 46. Kd3 Bd6 47.
Kc4 h5 48. Ra6 Rc8 49. Ba5 Kd7 50. Kd5 Bb8 51. Rxg6 Ke7 52. Re6+ Kf7 53. Rc6
1-0

[Event "South Australian Championship 2017"]
[Site "?"]
[Date "2017.02.07"]
[Round "1"]
[White "Zulfic, Fedja"]
[Black "Lee, Aaron James"]
[Result "1-0"]
[WhiteElo "2198"]
[BlackElo "1792"]
[PlyCount "73"]
[EventDate "2017.??.??"]
[TimeControl "5400+90"]

1. d4 Nf6 2. c4 c5 3. d5 e6 4. Nc3 exd5 5. cxd5 d6 6. e4 g6 7. h3 Bg7 8. Nf3
O-O 9. Bd3 b5 10. Bxb5 Nxe4 11. Nxe4 Qa5+ 12. Nfd2 Qxb5 13. Nxd6 Qd7 14. N2c4
Qe7+ 15. Be3 Bxb2 16. Nxb2 Qxd6 17. Nc4 Qf6 18. O-O Ba6 19. Qc1 Nd7 20. Rd1
Rab8 21. Bg5 Qh8 22. Na5 Ne5 23. Nc6 Nxc6 24. dxc6 c4 25. Qf4 f5 26. Bh6 Rfe8
27. Qd6 Qc3 28. Qd5+ Kh8 29. Rac1 Qf6 30. Be3 Qe6 31. Qxe6 Rxe6 32. c7 Rc8 33.
Rd7 Rc6 34. Bf4 Kg8 35. Re1 g5 36. Ree7 Rf6 37. Bxg5 1-0

[Event "South Australian Championship 2017"]
[Site "?"]
[Date "2017.02.07"]
[Round "1"]
[White "Jordan, William"]
[Black "Sheldrick, Kevin"]
[Result "1-0"]
[WhiteElo "2153"]
[BlackElo "2149"]
[PlyCount "97"]
[EventDate "2017.??.??"]
[TimeControl "5400+90"]

1. c4 b6 2. Nc3 Bb7 3. e4 e6 4. d4 Bb4 5. Qc2 Qh4 6. Bd3 f5 7. g3 Qf6 8. Nge2
Nc6 9. Be3 e5 10. dxe5 Nxe5 11. O-O-O Ne7 12. f4 Nxd3+ 13. Qxd3 O-O-O 14. e5
Qf7 15. Nd5 Nxd5 16. cxd5 c6 17. Qb3 Bc5 18. Bxc5 bxc5 19. Qa3 cxd5 20. Qxc5+
Kb8 21. Qd6+ Ka8 22. Nd4 Qf8 23. Qxf8 Rhxf8 24. Kd2 Rc8 25. Rc1 Rc4 26. Rxc4
dxc4 27. Rc1 Ba6 28. Rc3 g6 29. Ra3 Kb7 30. Ra5 Rb8 31. Kc3 Kb6 32. Rd5 Kc7 33.
Nc2 Rb6 34. Nb4 Bb5 35. a4 Bxa4 36. Ra5 Bc6 37. Rxa7+ Kb8 38. Nxc6+ dxc6 39.
Rxh7 Rb3+ 40. Kxc4 Rxb2 41. Kc5 Rc2+ 42. Kd6 Kc8 43. e6 c5 44. Rh8+ Kb7 45. e7
Rd2+ 46. Kxc5 Rc2+ 47. Kd6 Rd2+ 48. Ke6 Re2+ 49. Kf6 1-0

[Event "South Australian Championship 2017"]
[Site "?"]
[Date "2017.02.07"]
[Round "1"]
[White "Courtney, Michael"]
[Black "Kiripitige, Punala"]
[Result "1/2-1/2"]
[WhiteElo "1770"]
[BlackElo "1745"]
[PlyCount "163"]
[EventDate "2017.??.??"]
[SourceDate "2017.02.13"]
[TimeControl "5400+90"]

1. e4 e5 2. Nf3 Nc6 3. Bb5 a6 4. Ba4 Nf6 5. O-O b5 6. Bb3 Bc5 7. d3 O-O 8. c3
d5 9. exd5 Nxd5 10. Nbd2 Nf6 11. Re1 Bg4 12. h3 Bh5 13. Qe2 Re8 14. Ne4 Bb6 15.
Bg5 Bg6 16. Rad1 Na5 17. Bc2 Qe7 18. Nxf6+ gxf6 19. Be3 Bxe3 20. Qxe3 c5 21.
Nh4 f5 22. Nxg6 hxg6 23. Re2 Rad8 24. Rde1 Nc6 25. Bb3 Kg7 26. f4 Qd6 27. Qf3
c4 28. dxc4 bxc4 29. Ba4 e4 30. Qe3 Qe6 31. Qc5 Rd6 32. Bxc6 Rxc6 33. Qd4+ Qf6
34. Rd1 Ree6 35. Kf2 Kh6 36. Qxf6 Rxf6 37. Red2 g5 38. Ke3 Rb6 39. fxg5+ Kxg5
40. g3 Rh6 41. h4+ Kg4 42. Rf1 Rhf6 43. Rdf2 Rb5 44. Rf4+ Kxg3 45. Rg1+ Kh2 46.
Rg5 Rd5 47. Rf2+ Kh3 48. Kf4 Rd3 49. h5 Rc6 50. Rg1 Rf3+ 51. Rxf3+ exf3 52.
Kxf3 Kh4 53. Kf4 Kxh5 54. Kxf5 Kh6 55. Rg4 Rb6 56. Rxc4 Rxb2 57. Rc6+ Kh5 58.
Rxa6 Rf2+ 59. Ke4 Kg4 60. a4 f5+ 61. Ke5 Re2+ 62. Kd4 f4 63. a5 f3 64. Rf6 Kg3
65. a6 f2 66. a7 Ra2 67. Ke3 Rxa7 68. Rf3+ Kg4 69. Rxf2 Re7+ 70. Kd4 Rd7+ 71.
Kc4 Rc7+ 72. Kd3 Rd7+ 73. Kc2 Rc7 74. Rf6 Kg5 75. Rf3 Kg4 76. Rf8 Kg5 77. Rd8
Kf5 78. Kd3 Ke5 79. c4 Rc6 80. Rd5+ Ke6 81. Kd4 Rd6 82. Kc5 1/2-1/2

[Event "South Australian Championship 2017"]
[Site "?"]
[Date "2017.02.14"]
[Round "2"]
[White "Leaver, Kyle"]
[Black "Jordan, William"]
[Result "0-1"]
[WhiteElo "1959"]
[BlackElo "2153"]
[PlyCount "136"]
[EventDate "2017.??.??"]
[SourceDate "2017.02.20"]

1. d4 Nf6 2. c4 c5 3. d5 g6 4. Nc3 d6 5. e4 Bg7 6. Nf3 O-O 7. Bd3 Na6 8. h3 Nc7
9. O-O a6 10. a4 b6 11. Re1 e5 12. a5 bxa5 13. Qa4 Nh5 14. Qxa5 Nf4 15. Bc2 Rb8
16. Ne2 f5 17. Nxf4 fxe4 18. Rxe4 exf4 19. Rxf4 Rxf4 20. Bxf4 Rxb2 21. Bg5 Qd7
22. Ba4 Qf7 23. Re1 Be5 24. Bh4 g5 25. Nxg5 Qf4 26. Nf3 Rb7 27. Bg3 Qxc4 28.
Nxe5 dxe5 29. Bc6 Qb4 30. Qa1 Ra7 31. Bxe5 Nb5 32. Rb1 Qe4 33. Re1 Qb4 34. Qc1
h6 35. Re3 Bf5 36. Rf3 Bg6 37. Qxh6 Qe1+ 38. Kh2 Qxe5+ 39. Rg3 Rg7 40. Bd7 Nd4
41. Qh4 Kf7 42. Qd8 Rg8 43. Be6+ Nxe6 44. dxe6+ Kg7 45. Qd7+ Kh8 46. Qe7 Re8
47. Qh4+ Kg7 48. f4 Qxe6 49. Rf3 Qf6 50. Qf2 c4 51. f5 Bh7 52. g4 Qe5+ 53. Kg2
Qe2 54. Ra3 Bg8 55. Qxe2 Rxe2+ 56. Kf3 Rh2 57. Kg3 Rd2 58. Rxa6 c3 59. g5 c2
60. Rg6+ Kf8 61. Rf6+ Ke7 62. Rc6 Bd5 63. f6+ Kd7 64. Rc3 Ke6 65. Kf4 Rf2+ 66.
Kg4 Ba8 67. Kg3 Rf3+ 68. Rxf3 Bxf3 0-1

[Event "South Australian Championship 2017"]
[Site "?"]
[Date "2017.02.14"]
[Round "2"]
[White "Lee, Aaron James"]
[Black "Courtney, Michael"]
[Result "1-0"]
[WhiteElo "1792"]
[BlackElo "1770"]
[PlyCount "57"]
[EventDate "2017.??.??"]
[SourceDate "2017.02.20"]

1. e4 e5 2. Nf3 Nc6 3. d4 exd4 4. Bc4 Bb4+ 5. c3 dxc3 6. bxc3 Ba5 7. O-O d6 8.
Qb3 Qe7 9. Re1 Ne5 10. Nxe5 Qxe5 11. Bxf7+ Kf8 12. f4 Qf6 13. Bxg8 Rxg8 14. e5
Bb6+ 15. Be3 Bxe3+ 16. Rxe3 dxe5 17. fxe5 Qh6 18. Qa3+ Ke8 19. c4 Bf5 20. c5
Qg6 21. Nc3 c6 22. Qb4 Rb8 23. e6 Ke7 24. Qf4 Rgd8 25. Qc7+ Ke8 26. Rf1 h5 27.
Qf4 Bxe6 28. Ne4 Rbc8 29. Qf8+ 1-0

[Event "South Australian Championship 2017"]
[Site "?"]
[Date "2017.02.14"]
[Round "2"]
[White "Sheldrick, Kevin"]
[Black "Zulfic, Fedja"]
[Result "1/2-1/2"]
[WhiteElo "2149"]
[BlackElo "2198"]
[PlyCount "90"]
[EventDate "2017.??.??"]
[SourceDate "2017.02.20"]

1. e4 c5 2. Nc3 Nc6 3. g3 g6 4. Bg2 Bg7 5. d3 d6 6. f4 Rb8 7. Nf3 b5 8. a3 e6
9. O-O Nge7 10. Be3 O-O 11. d4 b4 12. axb4 cxb4 13. Na4 a5 14. Qd3 Ra8 15. Rfe1
Ba6 16. Qd2 d5 17. e5 Bb5 18. Nc5 Ra7 19. b3 Nb8 20. g4 Nd7 21. Nxd7 Qxd7 22.
Nh4 Rc8 23. Rac1 Rc3 24. Bh3 Rac7 25. Qf2 Qc8 26. f5 Rxe3 27. Qxe3 Rc3 28. Qg5
Rxh3 29. Qxe7 Bf8 30. Qg5 h6 31. Qf4 Rxh4 32. Qg3 g5 33. fxe6 Qxe6 34. h3 Be7
35. Re3 Kg7 36. Rf3 h5 37. gxh5 g4 38. Qg2 Kh6 39. hxg4 Bg5 40. Re1 Qxg4 41.
Rxf7 Qxd4+ 42. Qf2 Qg4+ 43. Qg2 Qd4+ 44. Qf2 Qg4+ 45. Qg2 Qd4+ 1/2-1/2

[Event "South Australian Championship 2017"]
[Site "?"]
[Date "2017.02.14"]
[Round "2"]
[White "Turcaj, Pavel"]
[Black "Cloudsdale, Colin"]
[Result "1-0"]
[WhiteElo "1713"]
[BlackElo "1914"]
[PlyCount "81"]
[EventDate "2017.??.??"]
[SourceDate "2017.02.20"]

1. e4 c5 2. Nf3 d6 3. d4 cxd4 4. Nxd4 Nf6 5. Nc3 a6 6. Bc4 b5 7. Bd5 Nxd5 8.
Nxd5 e6 9. Ne3 Bb7 10. f3 g6 11. O-O Bg7 12. c3 Qb6 13. Kh1 O-O 14. b4 Rd8 15.
Ng4 Nd7 16. Nh6+ Kf8 17. Be3 Qc7 18. Rc1 d5 19. exd5 Bxd5 20. Qe1 Qe5 21. Ng4
Qh5 22. Ne2 Ne5 23. Nf4 Qf5 24. Nxe5 Bxe5 25. Nxd5 Rxd5 26. c4 bxc4 27. Rxc4
Qd3 28. Bc5+ Kg7 29. Rc1 Rad8 30. a4 Qb3 31. a5 Bb2 32. Rb1 Qc2 33. Rf2 Qxb1
34. Qxb1 Rd1+ 35. Rf1 Rxb1 36. Rxb1 Ba3 37. h3 Rd3 38. Bb6 Kf8 39. b5 axb5 40.
a6 Bd6 41. Ra1 1-0

[Event "South Australian Championship 2017"]
[Site "?"]
[Date "2017.02.14"]
[Round "2"]
[White "Mdinaradze, Edgar"]
[Black "Kiripitige, Punala"]
[Result "1-0"]
[WhiteElo "1956"]
[BlackElo "1745"]
[PlyCount "114"]

1. d4 f5 2. Nc3 Nf6 3. g3 g6 4. Bg2 Bg7 5. Nh3 O-O 6. O-O c6 7. e4 fxe4 8. Nxe4
d5 9. Neg5 h6 10. Nf3 Bg4 11. Nf4 g5 12. Ng6 Re8 13. Nge5 Bh5 14. h3 g4 15.
hxg4 Nxg4 16. Qd3 Nxe5 17. Nxe5 Nd7 18. f4 Nxe5 19. fxe5 Qb6 20. Be3 Rf8 21. g4
Bxg4 22. Qg6 h5 23. c3 e6 24. Rf6 Bf5 25. Rxf5 exf5 26. Bh6 Qc7 27. Rf1 Kh8 28.
Bf4 Qf7 29. Qg3 Rae8 30. Bf3 Rg8 31. Kf2 Bh6 32. Qh2 Bxf4 33. Qxf4 Rg7 34. Re1
Re6 35. c4 Qg6 36. cxd5 cxd5 37. Bxd5 Rb6 38. b3 Ra6 39. a4 Rb6 40. e6 Rxb3 41.
Qe5 Rb2+ 42. Ke3 Kh7 43. Rf1 Qh6+ 44. Rf4 Rg3+ 45. Bf3 Rb3+ 46. Ke2 Rb2+ 47.
Ke3 Rb3+ 48. Kf2 Qxf4 49. Qxf4 Rgxf3+ 50. Qxf3 Rxf3+ 51. Kxf3 Kg6 52. Kf4 Kf6
53. e7 Kxe7 54. Kxf5 Kd6 55. Kg5 Kd5 56. Kxh5 Kxd4 57. Kg5 Kc4 1-0

[Event "South Australian Championship 2017"]
[Site "?"]
[Date "2017.02.21"]
[Round "3"]
[White "Kiripitige, Punala"]
[Black "Lee, Aaron James"]
[Result "1-0"]
[WhiteElo "1745"]
[BlackElo "1792"]
[PlyCount "65"]

1. h3 e5 2. c4 Nf6 3. d3 d5 4. cxd5 Nxd5 5. Nf3 Nc6 6. Nc3 Be7 7. e4 Nxc3 8.
bxc3 O-O 9. Be2 f5 10. O-O Kh8 11. Qc2 b6 12. Rd1 fxe4 13. dxe4 Qe8 14. Kh1 Qg6
15. Be3 Bd6 16. Nd2 Nd4 17. Qd3 Bb7 18. f3 Ne6 19. Nc4 Ba6 20. Qc2 Bxc4 21.
Bxc4 Nf4 22. Qf2 Qh5 23. Bf1 Rae8 24. Re1 g5 25. Qg3 Re6 26. Qg4 Qg6 27. Bc4 h5
28. Qg3 Re7 29. a4 Rh7 30. a5 g4 31. Rg1 Nxh3 32. gxh3 Rxf3 33. Qxf3 1-0

[Event "South Australian Championship 2017"]
[Site "?"]
[Date "2017.02.21"]
[Round "3"]
[White "Jordan, William"]
[Black "Turcaj, Pavel"]
[Result "1-0"]
[WhiteElo "2153"]
[BlackElo "1713"]
[PlyCount "101"]

1. e4 c5 2. Nf3 Nc6 3. c3 d5 4. exd5 Qxd5 5. d4 cxd4 6. cxd4 e6 7. Bd3 Nf6 8.
O-O Bb4 9. Nc3 Qd7 10. Bc2 h6 11. Qd3 Be7 12. a3 Nd5 13. Re1 a6 14. Nxd5 Qxd5
15. Bb3 Qd7 16. Qe4 O-O 17. Ne5 Nxe5 18. dxe5 Qc6 19. Qg4 Bg5 20. Bxg5 hxg5 21.
Qxg5 f6 22. exf6 Rxf6 23. Re3 Qb5 24. Qxb5 axb5 25. Rd1 Kf7 26. Re5 b4 27. a4
Ke7 28. Rg5 Rf7 29. Rd4 Ra6 30. Rc5 Bd7 31. Rc7 Rd6 32. Rxd6 Kxd6 33. Rxb7 Rf4
34. Kf1 g5 35. Ke2 Bc6 36. Rg7 g4 37. Rg6 Bxg2 38. Rxe6+ Kd7 39. Re3 Be4 40.
Ke1 Kc7 41. Bd1 Kb6 42. Rg3 Bf5 43. Be2 Bd7 44. b3 Bf5 45. f3 gxf3 46. Rxf3
Rxf3 47. Bxf3 Be6 48. Bd1 Kc5 49. h4 Kd4 50. h5 Kc3 51. h6 1-0

[Event "South Australian Championship 2017"]
[Site "?"]
[Date "2017.02.21"]
[Round "3"]
[White "Cloudsdale, Colin"]
[Black "Mdinaradze, Edgar"]
[Result "1-0"]
[WhiteElo "1914"]
[BlackElo "1956"]
[PlyCount "128"]
[EventDate "2017.??.??"]
[SourceDate "2017.03.12"]

1. e4 d6 2. d4 Nf6 3. Nc3 g6 4. Bd3 Bg7 5. Nf3 Nc6 6. h3 O-O 7. Be3 Nb4 8. Bf1
b6 9. Qd2 Bb7 10. a3 Na6 11. Bd3 c5 12. d5 Nc7 13. Bh6 e6 14. dxe6 Nxe6 15.
O-O-O d5 16. exd5 Nd4 17. Bxg7 Kxg7 18. Ne5 Nxd5 19. Ng4 f5 20. Qh6+ Kh8 21.
Ne5 Rf6 22. Rhe1 Qf8 23. Qg5 Ne6 24. Qd2 Rd8 25. Bc4 Nxc3 26. Qxc3 Nd4 27. Qg3
b5 28. Ba2 c4 29. Qc3 Rfd6 30. Rd2 Kg8 31. f4 Ne6 32. Nxc4 bxc4 33. Bxc4 Bc8
34. Rde2 Qe7 35. g4 Kf7 36. Re5 Qf6 37. gxf5 gxf5 38. Qa5 Ke7 39. Rxf5 Qd4 40.
Qb4 Qd2+ 41. Qxd2 Rxd2 42. Rfe5 Rf2 43. f5 Rdd2 44. Bb3 Rh2 45. fxe6 Rdf2 46.
Rh5 Re2 47. Rxh7+ Kd6 48. Rd1+ Kc6 49. Ba4+ Kb6 50. e7 Bf5 51. Rh6+ Kb7 52.
e8=Q Rxe8 53. Bxe8 Rxc2+ 54. Kb1 Re2+ 55. Ka1 Rxe8 56. Rf1 Bc8 57. Rf7+ Kb8 58.
b3 Re1+ 59. Kb2 Re2+ 60. Kc3 Re3+ 61. Kb4 Re4+ 62. Ka5 Re5+ 63. Ka4 Rd5 64. Rh8
Rd6 1-0

[Event "South Australian Championship 2017"]
[Site "?"]
[Date "2017.02.21"]
[Round "3"]
[White "Courtney, Michael"]
[Black "Sheldrick, Kevin"]
[Result "0-1"]
[WhiteElo "1770"]
[BlackElo "2149"]
[PlyCount "124"]
[SourceDate "2017.03.12"]

1. d4 Nf6 2. c4 c5 3. d5 b5 4. Qc2 bxc4 5. e4 e6 6. dxe6 fxe6 7. Bxc4 d5 8.
Bb5+ Bd7 9. Bxd7+ Nbxd7 10. Nd2 Qa5 11. exd5 exd5 12. Ngf3 Qa6 13. Nb3 Bd6 14.
Qe2+ Qxe2+ 15. Kxe2 O-O 16. Rd1 Rab8 17. Kf1 Rb5 18. Nbd2 Ne5 19. b3 Rb7 20. h3
Nd3 21. Ne1 Nxf2 22. Kxf2 Ng4+ 23. Ke2 Re7+ 24. Kd3 Nf2+ 25. Kc2 Nxd1 26. Kxd1
Rf2 27. Ndf3 h6 28. Rb1 Rxa2 29. Rb2 Ra1 30. Rc2 a5 31. Nd3 Rc7 32. Ke2 a4 33.
bxa4 Rxa4 34. Bb2 Re4+ 35. Kd2 c4 36. Be5 Rd7 37. Bxd6 Rxd6 38. Nde5 Re6 39.
Ng4 Re2+ 40. Kd1 Rxc2 41. Kxc2 h5 42. Nge5 Ra6 43. Kc3 Ra2 44. Kd4 Rxg2 45.
Kxd5 c3 46. Kc4 c2 47. Nd3 Rg3 48. Nfe1 Rxh3 49. Nxc2 Kf7 50. Kd4 g5 51. Ke4
Kf6 52. Ne3 Rh4+ 53. Kf3 Rd4 54. Nf2 Ke5 55. Kg3 Ra4 56. Kf3 Ra3 57. Ke2 Kf6
58. Ne4+ Kg6 59. Nf2 Rb3 60. Kf3 g4+ 61. Kf4 Rb4+ 62. Kg3 Kg5 0-1

[Event "South Australian Championship 2017"]
[Site "?"]
[Date "2017.03.07"]
[Round "5"]
[White "Jordan, William"]
[Black "Mdinarazde, Edgar"]
[Result "1-0"]
[WhiteElo "2153"]
[BlackElo "1956"]
[PlyCount "89"]
[SourceDate "2017.03.19"]

1. e4 e5 2. Nf3 Nc6 3. Bc4 Be7 4. d4 d6 5. O-O Nf6 6. d5 Nb8 7. Bd3 O-O 8. c4
Nbd7 9. Nc3 Nh5 10. Re1 g6 11. Be3 Nf4 12. Bf1 a5 13. g3 Nh5 14. Bh3 b6 15. a3
Ng7 16. b4 f5 17. Qd2 Nf6 18. exf5 gxf5 19. Bh6 Nfh5 20. Bg5 Bf6 21. Bxf6 Rxf6
22. Nh4 Rf7 23. Qe2 Qf6 24. Kh1 Nf4 25. gxf4 Qxh4 26. Qf3 e4 27. Qg3 Qf6 28.
bxa5 Rxa5 29. Nxe4 Qg6 30. Ng5 Rf8 31. Re7 Rc5 32. Qd3 Re8 33. Rxe8+ Qxe8 34.
Rg1 h6 35. Nf3 b5 36. Nh4 Rxc4 37. Bxf5 Bxf5 38. Nxf5 Qe4+ 39. Qxe4 Rxe4 40.
Rxg7+ Kh8 41. Rxc7 Rxf4 42. Nxd6 Rxf2 43. Nxb5 Rb2 44. Nc3 h5 45. d6 1-0

[Event "South Australian Championship 2017"]
[Site "?"]
[Date "2017.03.07"]
[Round "5"]
[White "Zulfic, Fedja"]
[Black "Cloudsdale, Colin"]
[Result "1-0"]
[WhiteElo "2198"]
[BlackElo "1914"]
[PlyCount "35"]
[SourceDate "2017.03.19"]

1. e4 c5 2. Nf3 e6 3. d4 cxd4 4. Nxd4 a6 5. Bd3 Nf6 6. O-O Qc7 7. c4 b6 8. Nc3
Bb7 9. Qe2 d6 10. Kh1 Nbd7 11. f4 Be7 12. b3 O-O 13. Bb2 Nc5 14. Bc2 d5 15.
cxd5 exd5 16. exd5 Nxd5 17. Nxd5 Bxd5 18. Nf5 1-0

[Event "South Australian Championship 2017"]
[Site "?"]
[Date "2017.03.07"]
[Round "5"]
[White "Kiripitige, Punala"]
[Black "Leaver, Kyle"]
[Result "0-1"]
[WhiteElo "1745"]
[BlackElo "1959"]
[PlyCount "29"]
[SourceDate "2017.03.19"]

1. e4 e6 2. c4 c5 3. Nf3 Nc6 4. d4 d5 5. exd5 Qxd5 6. Be3 cxd4 7. Nxd4 Nxd4 8.
Bxd4 Nf6 9. Qd3 Bd7 10. Nd2 Be7 11. Qg3 Bc6 12. f3 Qf5 13. O-O-O O-O 14. Ne4
Nh5 15. Qe1 0-1

[Event "South Australian Championship 2017"]
[Site "?"]
[Date "2017.03.07"]
[Round "5"]
[White "Lee, Aaron"]
[Black "Sheldrick, Kevin"]
[Result "0-1"]
[WhiteElo "1792"]
[BlackElo "2149"]
[PlyCount "124"]
[SourceDate "2017.03.19"]

1. e4 Nf6 2. e5 Nd5 3. d4 d6 4. Bc4 Nb6 5. Bb3 dxe5 6. Qh5 e6 7. dxe5 Nc6 8.
Nf3 a5 9. a4 Bb4+ 10. c3 Qd3 11. Nbd2 Be7 12. Qg4 Bd7 13. Qe4 Qxe4+ 14. Nxe4
Nd5 15. O-O Rd8 16. Rd1 Bc8 17. h3 h6 18. Ned2 b6 19. Nc4 Ba6 20. Re1 O-O 21.
Ne3 Nf4 22. Bc4 Bxc4 23. Nxc4 Nd3 24. Re2 Rd5 25. Bd2 Rfd8 26. Be1 Rc5 27. Re4
g5 28. Rb1 Rcd5 29. Ne3 R5d7 30. Ng4 Kg7 31. Rc4 Bc5 32. Re4 Kg6 33. b4 Nxe1
34. Nxe1 axb4 35. cxb4 Bxb4 36. Rbxb4 Nxb4 37. Rxb4 Rd4 38. Rb3 Rxa4 39. Nf3
Ra1+ 40. Kh2 Ra2 41. Rc3 c5 42. Nf6 Rxf2 43. Ne4 Rb2 44. Nd6 Ra8 45. Nc4 Rb4
46. Nfd2 Ra2 47. Ne4 b5 48. Ncd6 c4 49. Rf3 Ra7 50. Rf6+ Kg7 51. Ng3 c3 52.
Nh5+ Kh7 53. Nxf7 c2 54. Rxh6+ Kg8 55. Nxg5 c1=Q 56. Rg6+ Kf8 57. Nxe6+ Ke7 58.
Ng5 Ra1 59. Rg7+ Kd8 60. Ne6+ Kc8 61. Nf6 Qg1+ 62. Kg3 Ra3# 0-1

[Event "South Australian Championship 2017"]
[Site "?"]
[Date "2017.03.07"]
[Round "5"]
[White "Courtney, Michael"]
[Black "Turcaj, Pavel"]
[Result "0-1"]
[WhiteElo "1770"]
[BlackElo "1713"]
[PlyCount "78"]
[SourceDate "2017.03.19"]

1. e4 c5 2. Nc3 Nc6 3. g3 g6 4. Bg2 Bg7 5. d3 Nf6 6. f4 d6 7. Nf3 Qa5 8. O-O
Bg4 9. h3 Be6 10. Be3 Qb6 11. b3 Nd4 12. Ng5 h6 13. Nxe6 Nxe6 14. e5 dxe5 15.
fxe5 Nd7 16. Qf3 Nxe5 17. Qxb7 Qxb7 18. Bxb7 Rb8 19. Bd5 Nd4 20. Bf4 e6 21. Bg2
g5 22. Be3 Nd7 23. Rfc1 f5 24. Kh2 Rf8 25. a4 f4 26. gxf4 gxf4 27. Bxd4 Bxd4
28. Re1 e5 29. Nb5 f3 30. Nc7+ Ke7 31. Nd5+ Kd6 32. Bxf3 Rxf3 33. c4 Rf2+ 34.
Kh1 Nf6 35. Nxf6 Rxf6 36. b4 Rxb4 37. Rf1 Rg6 38. Rfc1 Rg3 39. Rf1 Rb1 0-1

[Event "2017 South Australian Championship"]
[Site "?"]
[Date "2017.03.14"]
[Round "6"]
[White "Jordan, William"]
[Black "Zulfic, Fedja"]
[Result "1-0"]
[BlackElo "2198"]
[EventDate "2017.03.14"]
[TimeControl "5400+30"]
[WhiteElo "2153"]

1. e4 c5 2. Nf3 g6 3. c3 d6 4. d4 Nf6 5. dxc5 Nc6 6. Bd3 dxc5 7. O-O Bg4 8. h3
Bxf3 9. Qxf3 Bg7 10. Bb5 Qb6 11. Na3 O-O 12. Qe2 a6 13. Bd3 Qc7 14. f4 b5 15.
Be3 c4 16. Bc2 Rad8 17. Nb1 Rd7 18. Nd2 Rfd8 19. a4 e5 20. axb5 axb5 21. f5 Nh5
22. Qf2 Nd4 23. Bd1 Nf4 24. cxd4 Nd3 25. Qh4 exd4 26. Bg5 Nxb2 27. Bg4 h5 28.
fxg6 fxg6 29. Bxd7 Rxd7 30. Bf6 Na4 31. Qg5 Kh7 32. Qxb5 Nc3 33. Qxc4 Qg3 34.
Rf3 Qb8 35. Bxg7 Rxg7 36. Raf1 Qb2 37. Qd3 Qa2 38. e5 Qd5 39. Re1 Kh6 40. e6
Qg5 41. Qxd4 Nd5 42. Re5  1-0

[Event "2017 South Australian Championship"]
[Site "?"]
[Date "2017.03.17"]
[Round "6"]
[White "Mdinaradze, Edgar"]
[Black "Sheldrick, Kevin"]
[Result "1-0"]
[BlackElo "2149"]
[EventDate "2017.03.17"]
[TimeControl "5400+30"]
[WhiteElo "1956"]

1. d4 d5 2. c4 e5 3. dxe5 d4 4. Nf3 Nc6 5. Nbd2 Bg4 6. Nb3 Bb4+ 7. Bd2 Qe7 8.
Bxb4 Qxb4+ 9. Qd2 Qxd2+ 10. Nbxd2 Nge7 11. h3 Bxf3 12. gxf3 Ng6 13. h4 O-O 14.
h5 Ngxe5 15. f4 Ng4 16. a3 Rfe8 17. Bh3 Nf6 18. Bf5 d3 19. e3 Rad8 20. O-O-O g6
21. hxg6 hxg6 22. Rdg1 a5 23. Bg4 Nxg4 24. Rxg4 Kg7 25. b3 Rd6 26. Rgh4 Kf6 27.
Kb2 Rd7 28. Kc3 a4 29. b4 b5 30. Rd1 Re6 31. Rhh1 Kf5 32. Rhg1 bxc4 33. Rg5+
Kf6 34. Nxc4 Rd8 35. Rxd3 Rh8 36. b5 Ne7 37. Rc5 Rh2 38. Rd2 c6 39. Ne5 Rh1 40.
Kb2 cxb5 41. Rxb5 Nf5 42. Rb4 Rh8 43. Nd7+ Kg7 44. Nc5 Rc6 45. Nxa4 Nd6 46. Rc2
Rxc2+ 47. Kxc2 Rh2 48. Kd3 Rxf2 49. Nc3 Rf1 50. a4 Rh1 51. a5 Rh8 52. a6 Ra8
53. Ra4 Ra7 54. e4 Kf8 55. e5 Nc8 56. Nb5 Ra8 57. a7 Ke7 58. Ra6 Kd7 59. Kc4
Ne7 60. Rd6+ Kc8 61. Kc5 Ng8 62. Kb6 Ne7 63. Rd2 g5 64. Nd6+ Kd7 65. Nxf7+ Ke6
66. Nxg5+ Kf5 67. Kb7  1-0

[Event "2017 South Australian Championship"]
[Site "?"]
[Date "2017.03.17"]
[Round "6"]
[White "Leaver, Kyle"]
[Black "Lee, Aaron"]
[Result "1-0"]
[BlackElo "1792"]
[EventDate "2017.03.17"]
[TimeControl "5400+30"]
[WhiteElo "1959"]

1. d4 Nf6 2. c4 c5 3. d5 e6 4. Nc3 exd5 5. cxd5 d6 6. e4 g6 7. f4 Bg7 8. Bb5+
Nfd7 9. a4 O-O 10. Nf3 Na6 11. O-O Nb4 12. Re1 a6 13. Bf1 Re8 14. h3 f5 15. Qb3
fxe4 16. Nxe4 Nf6 17. Nxf6+ Bxf6 18. Rxe8+ Qxe8 19. Bd2 Qe4 20. Rc1 Bd7 21. Rc4
Qe8 22. Bxb4 b5 23. Rc2 bxa4 24. Qa3 cxb4 25. Qxb4 Qb8 26. Qa5 Bxb2 27. Ng5 Bf6
28. Ne6 Bb5 29. Qe1 Qb6+ 30. Kh2 Re8 31. Qb4 Rb8 32. Bxb5 axb5 33. Rc6 Qa7 34.
Qxd6 a3 35. Rc7 Qxc7 36. Nxc7 Bg7 37. Qxa3 b4 38. Qb3 Bh6 39. d6+  1-0

[Event "2017 South Australian Championship"]
[Site "?"]
[Date "2017.03.17"]
[Round "6"]
[White "Turcaj, Pavel"]
[Black "Kiripitige, Punala"]
[Result "0-1"]
[BlackElo "1745"]
[EventDate "2017.03.17"]
[TimeControl "5400+30"]
[WhiteElo "1713"]

1. e4 c5 2. Nf3 g6 3. d4 cxd4 4. Nxd4 Bg7 5. Nc3 Nc6 6. Be3 d6 7. Bc4 Nf6 8. O-O
O-O 9. Bb3 Na5 10. Ba4 Nc4 11. Qc1 a6 12. Bb3 Nxe3 13. Qxe3 Ng4 14. Qd2 Bd7 15.
h3 Ne5 16. Rad1 b5 17. Bd5 Rc8 18. Bb7 Rc4 19. b3 Rxd4 20. Qxd4 Nf3+ 21. gxf3
Bxd4 22. Rxd4 Bxh3 23. Rfd1 e5 24. R4d3 Qg5+  0-1

[Event "2017 South Australian Championship"]
[Site "?"]
[Date "2017.03.17"]
[Round "6"]
[White "Cloudsdale, Colin"]
[Black "Courtney, Michael"]
[Result "0-1"]
[BlackElo "1770"]
[EventDate "2017.03.17"]
[TimeControl "5400+30"]
[WhiteElo "1914"]

1. e4 c6 2. d4 d5 3. e5 Bf5 4. Nf3 e6 5. Bd3 Bxd3 6. Qxd3 Nd7 7. O-O Be7 8. Re1
Qc7 9. c3 Rc8 10. Ng5 Bxg5 11. Bxg5 h6 12. Qh3 Nf8 13. Nd2 Ng6 14. Be3 N8e7 15.
f4 Nf5 16. b4 Qd7 17. a4 O-O 18. Nf1 b6 19. Bd2 c5 20. g4 Nfe7 21. Ng3 cxd4 22.
cxd4 Rc4 23. f5 Rxd4 24. Be3 Nf4 25. Qf1 Rxb4 26. Bxf4 exf5 27. g5 Ng6 28. Bd2
Rg4 29. gxh6 f4 30. hxg7 Re8 31. Qb5 Qe6 32. Ra3 fxg3 33. hxg3 Kxg7 34. Qe2 Re4
35. Qf2 Rxe1+ 36. Qxe1 Nxe5 37. Kg2 Nc4 38. Bc3+ Kg6 39. Ra1 Qxe1 40. Rxe1 Rxe1
41. Bxe1 Kf5 42. Kf3 Ke5  0-1